Fray Alonso de la Veracruz (Record no. 199)

MARC details
000 -CABECERA
campo de control de longitud fija 00848nam a2200217 a 4500
001 - NÚMERO DE CONTROL
campo de control BRCA_243
005 - FECHA Y HORA DE LA ÚLTIMA TRANSACCIÓN
campo de control 20190320202931.0
008 - DATOS DE LONGITUD FIJA--INFORMACIÓN GENERAL
campo de control de longitud fija 960318s1981 mx-a---###---#000-0#spa-d
041 ## - CÓDIGO DE LENGUA
Código de lengua del texto/banda sonora o título independiente spa
044 ## - CÓDIGO DEL PAÍS DE LA ENTIDAD EDITORA/PRODUCTORA
Código MARC del país mx
050 #4 - SIGNATURA TOPOGRÁFICA DE LA BIBLIOTECA DEL CONGRESO
Número de clasificación F1231
Número de documento/Ítem .Z38 1981
100 1# - ENTRADA PRINCIPAL--NOMBRE DE PERSONA
Nombre de persona Zavala, Silvio Arturo
Fechas asociadas al nombre 1909-
9 (RLIN) 562
245 10 - MENCIÓN DE TÍTULO
Título Fray Alonso de la Veracruz
Resto del título primer maestro de derecho agrario en la incipiente Universidad de México, 1553-1555
Mención de responsabilidad, etc. Silvio Zavala.
260 ## - PUBLICACIÓN, DISTRIBUCIÓN, ETC.
Lugar de publicación, distribución, etc. México
Nombre del editor, distribuidor, etc. Centro de Estudios de Historia de México, CONDUMEX
Fecha de publicación, distribución, etc. 1981
300 ## - DESCRIPCIÓN FÍSICA
Extensión 73 p.
Otras características físicas il.
Dimensiones 21 cm.
500 ## - NOTA GENERAL
Nota general Conmemoración del Tercer Centenario de la Recopilación de las Leyes de Indias
600 14 - PUNTO DE ACCESO ADICIONAL DE MATERIA--NOMBRE DE PERSONA
Nombre de persona Veracruz, Alonso de la
Títulos y otros términos asociados al nombre Fray
Fechas asociadas al nombre 1507-1584
9 (RLIN) 846
650 14 - PUNTO DE ACCESO ADICIONAL DE MATERIA--TÉRMINO DE MATERIA
Término de materia o nombre geográfico como elemento de entrada Derecho agrario
Subdivisión general Legislación
Subdivisión geográfica México
9 (RLIN) 847
651 #4 - PUNTO DE ACCESO ADICIONAL DE MATERIA--NOMBRE GEOGRÁFICO
Nombre geográfico México
Subdivisión general Historia
Subdivisión cronológica Colonia española, 1540-1810
9 (RLIN) 394
942 ## - ELEMENTOS DE PUNTO DE ACCESO ADICIONAL (KOHA)
Fuente del sistema de clasificación o colocación Library of Congress Classification
Tipo de ítem Koha Libros
Holdings
Estado de retiro Estado de pérdida Estado dañado No para préstamo Localización permanente Ubicación/localización actual Fecha de adquisición Total de préstamos Signatura topográfica completa Código de barras Fecha visto por última vez Precio válido a partir de Tipo de ítem Koha
El ejemplar forma parte de la colección y puede ser consultado según las políticas vigentes.       Biblioteca del Museo Franz Mayer (Rogerio Casas-Alatriste) Biblioteca del Museo Franz Mayer (Rogerio Casas-Alatriste) 25/06/2008   F1231 .Z38 1981 00306 22/03/2019 22/03/2019 Libros